TNM klasifikácia zhubných nádorov po slovensky

Bibliographic Details
Main Author: Šimon, František, 1949- (Author)
Format: Article
Language:Slovak
ISSN:0023-5202
Subjects:

MARC

LEADER 00000nab a2200000 a 4500
001 vtls000854401
003 SK-MaSNL
005 20260304143002.0
008 250505c2003 xo 0 slo
015 |a SNBRB2003/11-34766 
035 |a CLN000206056 
035 |a urn:nbn:sk:snk-ab1lfi 
035 |a (urnnbn)urn:nbn:sk:snk:ar-004e6c 
035 |a (uuid)87ef4d55-406e-4187-859c-7cfd607d8c50 
040 |a SNKBUCL  |b slo  |c SNKBUCL  |e AACR2 
041 0 |a slo 
044 |a xo  |c SK 
080 |a 81`25:616-006.3(048)  |2 1997 
080 |a 616-006.3:81`25(048)  |2 1997 
100 1 |a Šimon, František,  |d 1949-  |4 aut  |9 107149 
245 1 0 |a TNM klasifikácia zhubných nádorov po slovensky  |c František Šimon 
650 0 7 |a malígne nádorové ochorenia  |2 snkbucl  |9 67540 
650 0 7 |a príručky  |2 snkbucl  |9 308973 
650 0 7 |a medzinárodná klasifikácia chorôb  |2 snkbucl  |9 27914 
655 7 |a recenzie  |2 snkbucl  |9 21907 
655 7 |a články z novín a časopisov  |2 snkbucl  |9 267496 
773 0 |t Kultúra slova  |g Roč. 37, č. 4 (2003), s. 230-232  |x 0023-5202 
787 0 8 |i Rec.:  |t TNM klasifikácia zhubných nádorov  |d Košice : ETC GRAFO, 2002  |z 8096839551 
850 |a Slovenská národná knižnica 
852 |a Slovenská národná knižnica 
954 |a odborná, vedecká literatúra pôvodná (slovenská)  |2 lita 
958 |a article27 
958 |a OND 
958 |a RC 
958 |a NT 
958 |a EUIPO 
992 |a RBX 
999 |c 2924007  |d 2925937